The interpretation of archaeological spatial patterning
Αποθηκεύτηκε σε:
| Άλλοι συγγραφείς: | , |
|---|---|
| Μορφή: | Βιβλίο |
| Γλώσσα: | English |
| Δημοσίευση: |
New York :
Plenum Press,
c1991
|
| Σειρά: | Interdisciplinary contributions to archaeology
Language of science |
| Θέματα: | |
| Ετικέτες: |
Προσθήκη ετικέτας
Δεν υπάρχουν, Καταχωρήστε ετικέτα πρώτοι!
|
MARC
| LEADER | 00000nam a2200000 i 4500 | ||
|---|---|---|---|
| 001 | 1/80105 | ||
| 008 | 990507s1991 eng d | ||
| 020 | |a 0-306-43645-0 | ||
| 035 | |l 10050552 | ||
| 040 | |a GR-MY-UA |b gre |e aacr | ||
| 041 | 0 | |a eng | |
| 082 | 0 | |a 930.1 | |
| 245 | 1 | 4 | |a The interpretation of archaeological spatial patterning / |c Edited by Ellen M. Kroll and T. Douglas Price |
| 260 | |a New York : |b Plenum Press, |c c1991 | ||
| 300 | |a 315 p. |b fig.; tabl. | ||
| 490 | 1 | |a Interdisciplinary contributions to archaeology | |
| 490 | 1 | |a Language of science | |
| 500 | |a Papers presented at a symposium organized at the 52nd Annual Meeting of the Society for American Archaeology held in May 1987 in Toronto, Ont. | ||
| 504 | |a Includes bibliographical references and index | ||
| 650 | 0 | 0 | |a Social archaeology |x Congresses. |
| 650 | 0 | 0 | |a Excavations (Archaeology) |x Congresses. |
| 650 | 0 | 0 | |a Spatial behavior |x History |x Congresses. |
| 650 | 0 | 0 | |a Ethnoarchaeology |x Congresses. |
| 700 | 1 | |a Kroll, Ellen M. |4 edt | |
| 700 | 1 | |a Price, Theron Douglas. |4 edt | |
| 830 | 0 | |a Interdisciplinary contributions to archaeology | |
| 830 | 0 | |a Language of science | |
| 852 | |a INST |b LESVOS |e 19990507 |h 930.1 INT |p 005100016312 |q 005100016312 |t BK |y 0 | ||
| 901 | |a BIBL1-1999-2 | ||
| 909 | |a Λ |b 061670 | ||
| 922 | |a 1ΕΛΗ |b 199812 |c ΚΠΣ/ΤΓ |d ΠΑΠΑΣΩΤΗΡΙΟΥ | ||
| 950 | |a 118-1998-07-21 | ||